| 000 | 00555nam a22001817a 4500 | ||
|---|---|---|---|
| 005 | 20251108165829.0 | ||
| 008 | 250721s1994 xx 000 0 ara d | ||
| 082 | 1 | 4 | _a217.264/خمي |
| 100 | 1 | _aالخميس، محمد بن عبد الرحمن | |
| 245 | 1 | 0 | _aبيان الشرك و وسائله عند علماء المالكية / |
| 264 | 1 |
_aالشارقة : _bدار الفتح، _c1994. |
|
| 300 | _a61 ص. | ||
| 650 | 1 | 7 | _aالكفر |
| 650 | 1 | 7 | _aالإيمان |
| 650 | 1 | 7 | _aالمذهب المالكي |
| 942 |
_2ddc _cBK |
||
| 999 |
_c32389 _d32389 |
||